NBA First-Place MVP Votes - Statistics

General Stats
  • This quiz has been taken 77 times
  • The average score is 43 of 63
Answer Stats
Votes Received Years Received Answer % Correct
494 '06, '08-'15, '17-'18, '20 LeBron James
100%
530.5 '85, '87-'93, '96-'98 Michael Jordan
100%
250 '21-'24 Nikola Jokic
99%
236 '15-'16, '21 Stephen Curry
99%
256 '81-'88 Larry Bird
97%
166 '99, '01-'03, '05 Tim Duncan
96%
120 '02-'03, '06-'09, '11-'12 Kobe Bryant
94%
168.5 '83-'85, '87-'91 Magic Johnson
94%
186 '19-'24 Giannis Antetokounmpo
93%
220 '94-'95, '98-'03, '05 Shaquille O'Neal
93%
94 '87, '89-'90, '93-'96 Hakeem Olajuwon
91%
156 '15-'19 James Harden
91%
101 '99-'01, '05 Allen Iverson
90%
147 '10, '12, '14 Kevin Durant
90%
69 '17 Russell Westbrook
90%
166 '05-'07 Steve Nash
90%
107 '90-'92, '94-'95 David Robinson
88%
1 '81 Marques Johnson
88%
97 '06-'07 Dirk Nowitzki
87%
150 '89-'90, '92, '95-'99 Karl Malone
87%
117 '81-'83 Moses Malone
87%
100 '21-'23 Joel Embiid
85%
102 '87-'88, '90-'91, '93, '95 Charles Barkley
84%
7 '09 Dwyane Wade
84%
179 '01, '03-'04, '08 Kevin Garnett
82%
114 '11, '21 Derrick Rose
79%
4 '24 Luka Doncic
79%
11 '81, '84 Kareem Abdul-Jabbar
78%
9 '17 Kawhi Leonard
78%
38 '08-'09, '12, '21 Chris Paul
76%
9 '92, '94-'95 Scottie Pippen
76%
1 '95 John Stockton
75%
15 '24 Shai Gilgeous-Alexander
75%
13 '91-'92 Clyde Drexler
72%
16 '89-'90, '93-'95 Patrick Ewing
72%
1 '84 Isiah Thomas
70%
2 '04 Jermaine O'Neal
69%
33 '81-'84 Julius Erving
69%
1 '13 Carmelo Anthony
67%
7 '09-'11 Dwight Howard
66%
47 '99, '02 Jason Kidd
66%
11 '02-'03 Tracy McGrady
64%
15 '06 Chauncey Billups
60%
4 '98, '02 Gary Payton
60%
4 '12 Tony Parker
60%
1 '02 Ben Wallace
57%
5 '86 Dominique Wilkins
57%
2 '81-'82 George Gervin
54%
36 '99 Alonzo Mourning
49%
2 '82 Gus Williams
46%
5 '01 Chris Webber
45%
11 '84 Bernard King
43%
2 '96 Anfernee Hardaway
42%
4 '82 Robert Parish
42%
1 '05 Amar'e Stoudemire
36%
2 '81, '84 Adrian Dantley
30%
2 '82, '84 Sidney Moncrief
27%
1 '04 Peja Stojakovic
21%
1 '06 Elton Brand
18%
1 '84 Jeff Ruland
9%
2 '85 Terry Cummings
9%
1 '81 Phil Ford
1%
1 '81 Kelvin Ramsey
0%
No matching quizzes found
Score Distribution
Percent of People with Each Score
Percentile by Number Answered
Your Score History
You have not taken this quiz